000
00293cam a2200109ua 4500
082
_a
821
_b
TEN/AL
100
_a
Tennyson, Alfred.
_9
1839
245
_a
Alfred Tennyson`s Poetical Works Including Plays /
260
_a
London :
_b
Oxford University Press ,
_c
1963.
300
_a
563 ; .
942
_c
BK
999
_c
5853
_d
5853